[Event "Titled Tuesday intern op 12th May"]
[Site "Chess.com INT"]
[Date "2020.05.12"]
[Round "2"]
[White "Valdes, Leon"]
[Black "Costachi, Mihnea"]
[Result "0-1"]
[WhiteElo "2385"]
[BlackElo "2471"]
[PlyCount "98"]
[EventDate "2020.05.12"]
[EventType "swiss (blitz)"]
[EventRounds "10"]
[EventCountry "USA"]
[SourceTitle "EXT 2021"]
[Source "ChessBase"]
[SourceDate "2020.10.23"]
[SourceVersion "1"]
[SourceVersionDate "2020.10.23"]
[SourceQuality "1"]

1. d4 Nf6 2. c4 g6 3. f3 Bg7 4. e4 0-0 5. Nc3 d6 6. Nge2 c5 7. d5 Nbd7 8. Ng3 Ne5 9. Be2 h5 10. Bg5 e6 11. 0-0 exd5 12. cxd5 a6 13. a4 Bd7 14. Qd2 b5 15. axb5 axb5 16. Rxa8 Qxa8 17. Nxb5 Bxb5 18. Bxb5 Rb8 19. Be2 Qa2 20. b4 Qxd2 21. Bxd2 cxb4 22. Rb1 b3 23. Bc3 Nfd7 24. Kf1 Nxf3 25. gxf3 Bxc3 26. Bd1 b2 27. Ne2 Be5 28. f4 Bg7 29. Bc2 Rc8 30. Bd3 Nc5 31. Bc2 Re8 32. e5 dxe5 33. Rxb2 exf4 34. Rb5 f3 35. Ng1 f2 36. Nf3 Ne4 37. Rb7 Nd6 38. Rd7 Nc4 39. Kxf2 Bf6 40. d6 Re6 41. Bb3 Rxd6 42. Rc7 Ne5 43. Nxe5 Bxe5 44. Rxf7 Kh8 45. Rf3 Bxh2 46. Kg2 Rd2+ 47. Kh3 Kg7 48. Rc3 Be5 49. Rg3 Bxg3 0-1

[Event "Titled Tuesday intern op 5th May"]
[Site "Chess.com INT"]
[Date "2020.05.05"]
[Round "1"]
[White "Valdes, Leon"]
[Black "Clarke, Brandon GI"]
[Result "0-1"]
[WhiteElo "2374"]
[BlackElo "2429"]
[PlyCount "38"]
[EventDate "2020.05.05"]
[EventType "swiss (blitz)"]
[EventRounds "10"]
[EventCountry "USA"]
[SourceTitle "EXT 2021"]
[Source "ChessBase"]
[SourceDate "2020.10.23"]
[SourceVersion "1"]
[SourceVersionDate "2020.10.23"]
[SourceQuality "1"]

1. d4 Nf6 2. c4 g6 3. f3 d5 4. cxd5 Nxd5 5. e4 Nb6 6. Nc3 Bg7 7. Be3 0-0 8. Qd2 Nc6 9. 0-0-0 f5 10. e5 Nb4 11. Nh3 Be6 12. Kb1 Qd7 13. Nf4 Bf7 14. h4 Rfd8 15. Qc1 a5 16. Be2 Na4 17. e6 Bxe6 18. Nxe6 Qxe6 19. Nd5 Nxd5 0-1